عرض عادي
عرض مارك
- Discourse analysis
مدخل مصطلح موضوعي
001 - رقم الضبط
- حقل الضبط: 45059
003 - معرف رقم الضبط
- حقل الضبط: OSt
005 - تاريخ ووقت أخر عملية
- حقل الضبط: 20140514161429.0
008 - عناصر بيانات ثابتة الطول
- حقل تحكم ثابت الطول: 140514|||a|||||| | ||| d
040 ## - مصدر الفهرسة
- هيئة الفهرسة الأصلية: OSt
- وكالة الكتابة: OSt
150 ## - مدخل-- مصطلح تاريخي
- عنصر مدخل المصطلح الموضوعي او الاسم الجغرافي: Discourse analysis
- تفريع شكلي: Handbooks, manuals, etc
670 ## - بيانات المصدر موجوده
- الاستشهاد بالمصدر: Work cat.: (OSt): The Routledge handbook of discourse analysis /, 2014.
